[Event "Oslo ASKO Pinseturnering-B"]
[Site "Oslo"]
[Date "2009.05.30"]
[Round "2"]
[White "Groenn, Eskil Ekeland"]
[Black "Friberg, Reid Erik"]
[Result "0-1"]
[WhiteElo "679"]
[BlackElo "1419"]
[PlyCount "110"]
[EventDate "2009.05.30"]
[EventType "swiss"]
[EventRounds "6"]
[EventCountry "NOR"]
[SourceTitle "EXT 2011"]
[Source "ChessBase"]
[SourceDate "2010.11.26"]
[SourceVersion "1"]
[SourceVersionDate "2010.11.26"]
[SourceQuality "1"]

1. d4 Nf6 2. c4 c5 3. d5 e6 4. Nc3 exd5 5. cxd5 d6 6. e4 g6 7. Bd3 Bg7 8. Nf3 0-0 9. 0-0 a6 10. h3 b5 11. a3 Nbd7 12. b3 Nxd5 13. exd5 Bxc3 14. Ra2 Bb7 15. Rc2 Bg7 16. Be2 Nb6 17. Rd2 Bh6 18. Rd3 Bxc1 19. Qxc1 Bxd5 20. Qh6 Qf6 21. Ng5 Qg7 22. Qh4 h6 23. Nf3 g5 24. Qg3 Rad8 25. Rfd1 Rfe8 26. Bf1 Bxf3 27. Qxf3 d5 28. R3d2 Qe5 29. Qh5 Kg7 30. Rd3 d4 31. Rg3 Nd5 32. Rdd3 Nf4 33. Qg4 Nxd3 34. Bxd3 Qe1+ 35. Kh2 Qe6 36. Qh5 c4 37. bxc4 bxc4 38. Bxc4 Qxc4 39. f4 f6 40. h4 Qf7 41. Qg4 f5 42. Qh3 g4 43. Rxg4+ fxg4 44. Qxg4+ Qg6 45. Qf3 d3 46. Qb7+ Qf7 47. Qb2+ Qf6 48. Qb7+ Re7 49. Qf3 Qxh4+ 50. Qh3 Qxh3+ 51. Kxh3 d2 52. g3 d1Q 53. Kh4 Re1 54. Kh3 Rh1+ 55. Kg2 Rd2# 0-1